000 00774nac a22002417a 4500
001 BR7200484
003 BR-BrBNA
005 20240105113437.0
008 230509b bl.|||m| |||| 00| 0 por d
040 _aBR-BrBNA
_bpor
_cBiblioteca Nacional de Agricultura
072 _aL05
090 _aL05 BR7200484
110 1 _aInstituto Brasileiro de Bibliografia e Documentacao, Rio de Janeiro, GB
_95712
245 1 _aBibliografia brasileira de zoologia. 1970
260 3 _aRio de Janeiro, GB (Brasil):
_c1972.
300 _a112 p.
490 _aBibliografia Brasileira de Zoologia (Brazil)
_vv. 5
_xISSN 0067-6691
650 _aCiencia animal
650 _aZoologia
650 _aBibliografia
909 _a202312
_bLúcia Elande
_c55
_dLúcia Elande
942 _2AGRIS
_n0
_cMS
999 _c263760
_d263760